000 01081naa a22002897a 4500
001 BR7807607
003 BR-BrBNA
005 20240918174257.0
007 ta
008 230509b bl.||||| |||| 00| 0 por d
040 _aBR-BrBNA
_bpor
_cBiblioteca Nacional de Agricultura
041 _a(Pt)
072 _aE50; Q20
_b/G514
090 _aE50 BR7807607
100 1 _aRiedel, G.
111 1 _a1. Simposio Nacional de Alimentacao e Nutricao
_cBrasilia, DF (Brazil)
_d13-16 Aug 1978
245 1 _aControle Sanitario da alimentacao publica [saude publica, higiene de alimento, Brasil]
260 3 _aBrasilia, DF (Brasil):
_c1978.
500 _a1. Simposio Nacional de Alimento e Nutricao - PRONUTRAL Brasilia, DF (Brasil): 1978. p. 418-420 (BR7807607-AM)E50
650 _aALIMENTACAO
650 _aHIGIENE DE ALIMENTO
650 _aINSPECAO SANITARIA
650 _aSAUDE PUBLICA
773 0 _t1. Simposio Nacional de Alimento e Nutricao - PRONUTRAL
_wE50 BR7807607
_gBrasilia, DF (Brasil), 1978. p. 418-420
909 _a202404
_bLucia
_c55
_dLucia Elande
942 _cAM
_2AGRIS
999 _c310055
_d310055